Paul Eluard

Zapisane w:
Opis bibliograficzny
1. autor: Jean, Raimond
Format: Książka
Język:Undetermined
Wydane: París, Francia Seuil 1968
Hasła przedmiotowe:
Etykiety: Dodaj etykietę
Nie ma etykietki, Dołącz pierwszą etykiete!

MARC

LEADER 00000nam a2200000Ia 4500
008 170316s9999 xx 000 0 und d
040 |a cru BVZT 
090 |a 840 J-1p 
100 |a Jean, Raimond 
245 |a Paul Eluard 
260 |a París, Francia 
260 |b Seuil 
260 |c 1968 
300 |a 187 páginas 
650 |a LITERATURA FRANCESA 
999 |c 7750  |d 7750 
942 |c 15 D  |h 840 J-1p  |2 z